| 000 | 00546nam a2200169 4500 | ||
|---|---|---|---|
| 001 | 113131 | ||
| 003 | ES-MaACL | ||
| 005 | 20230906185753.0 | ||
| 007 | t| | ||
| 008 | 061121s1920 sp r ||||1| spa d | ||
| 100 | 1 |
_aMut, Antonio. _984716 |
|
| 245 | 1 | 0 |
_aComentarios a las últimas publicaciones sobr enfermedades del corazón / _cpor Antonio Mut. |
| 260 |
_aValencia : _b[s.n.], _c1929 ( _fImp. Elzeviriana) |
||
| 300 |
_a7 h. ; _c24 cm. |
||
| 500 | _aEs tirada aparte de la `Crónica Médica`, pág. 498-510. | ||
| 852 |
_aES-MaACL _j1732-F-4 |
||
| 999 |
_c113131 _d113131 |
||